Géographie - Les affluents du Rhône en France - Statistiques

Statistiques générales
  • Ce quiz a été pris 77 fois
  • Le résultat moyen est 9 sur 41
Statistiques - réponses
Rive Initiale Réponse % Correct
Droite S Saône
87%
Gauche D Drôme
86%
Gauche I Isère
86%
Droite A Ardèche
84%
Droite A Ain
77%
Gauche D Durance
75%
Droite G Gardon
43%
Gauche A Arve
38%
Droite C Cèze
29%
Gauche O Ouvèze
29%
Gauche F Fier
23%
Droite G Gier
20%
Gauche G Guiers
19%
Gauche E Eygues
17%
Gauche R Roubion
17%
Gauche B Bourbre
16%
Droite E Eyrieux
16%
Droite Y Yzeron
16%
Droite G Garon
14%
Gauche G Galaure
13%
Gauche L Lez
13%
Droite V Valserine
13%
Droite C Cance
12%
Droite D Doux
12%
Droite A Ay
9%
Gauche D Dranse
6%
Droite F Furans
6%
Gauche G Gère
6%
Droite S Séran
6%
Gauche V Varèze
4%
Gauche B Bièvre
3%
Gauche U Usses
3%
Gauche V Véore
3%
Gauche B Berre
1%
Gauche D Dolon
1%
Droite L Lauzon
1%
Droite P Payre
1%
Droite A Alys
0%
Droite A Annaz
0%
Gauche C Collières
0%
Droite E Escoutay
0%
Aucun quiz correspondant
Distribution des résultats
% des personnes avec chaque résultat
Percentile par nombre de réponses
Votre historique - résultats
Vous n’avez pas pris ce quiz